Statistics for Norway A-Z

Click here to take the quiz!

General Stats

  • This quiz has been taken 563 times
  • The average score is 17 of 25

Answer Stats

ClueAnswer% Correct
DCountry Norway was in an union
with until 1814
Denmark
97%
OCapital cityOslo
97%
RNeighbor with the shortest borderRussia
93%
KCurrencyKrone
92%
FA long, narrow ocean inletFjord
88%
NSea southern Norway bordersNorth Sea
87%
BSecond most populous cityBergen
86%
AFirst to reach the South PoleRoald Amundsen
79%
SPeninsula Norway is situated onScandinavia
76%
EHe discovered GreenlandErik the Red
75%
PPosition held by Erna SolbergPrime Minister
75%
MPainter of "The Scream"Edvard Munch
74%
VMajestic hall in Asgard where
those who die in battle are taken
Valhalla
67%
TBiggest city in central NorwayTrondheim
66%
IPlaywright of "A Doll's House"Henrik Ibsen
61%
HMost common surnameHansen
60%
WNorway has the most medals in
this sports event
Winter
Olympics
58%
CFormer name of the capitalChristiania
55%
LTraditional dish of fish aged in lyeLutefisk
45%
JSecond most common surnameJohansen
44%
QAntarctic area claimed by Norw{Queen}
{Maud} Land
44%
UWhat U in NTNU stands forUniversity
44%
YComedy duo whose "The Fox"
went viral on YouTube
Ylvis
43%
GLongest riverGlomma
38%
ZDirector of 2010 The Karate KidHarald Zwart
12%

Score Distribution

Percentile by Number Answered

Percent of People with Each Score

Your Score History

You have not taken this quiz